[Event "FRA-ch Blitz"]
[Site "Saint Maur des Fosses"]
[Date "2025.06.15"]
[Round "2"]
[White "Arzur, Maia"]
[Black "Yuffa, Daniil"]
[Result "0-1"]
[WhiteElo "2151"]
[BlackElo "2529"]
[PlyCount "106"]
[EventDate "2025.06.15"]
[EventType "swiss"]
[EventRounds "13"]
[EventCountry "FRA"]
[SourceTitle "CB25_2025"]
[SourceDate "2025.06.18"]
[SourceVersion "1"]
[SourceVersionDate "2025.06.18"]
[SourceQuality "1"]

1. d4 Nf6 2. Nf3 g6 3. Nc3 d5 4. Bf4 Bg7 5. e3 a6 6. a4 0-0 7. Be2 c5 8. Ne5 cxd4 9. exd4 Nc6 10. 0-0 Qb6 11. Nxc6 bxc6 12. b3 a5 13. Be5 Bh6 14. Bf3 Nd7 15. Re1 Nxe5 16. dxe5 e6 17. Ne2 Ba6 18. Ng3 Rab8 19. Be2 c5 20. Bxa6 Qxa6 21. h4 c4 22. h5 cxb3 23. cxb3 Rb4 24. hxg6 fxg6 25. Rb1 Qb6 26. Qe2 Bf4 27. Nf1 Rxb3 28. Rxb3 Qxb3 29. Qa6 d4 30. Qxa5 Qc3 31. Qxc3 dxc3 32. g3 Bh6 33. Ne3 Rc8 34. Rc1 Rc5 35. Kf1 Bxe3 36. fxe3 Kf7 37. Ke2 g5 38. Kd3 Ra5 39. Rxc3 Rxa4 40. Rc7+ Kg6 41. Re7 Kf5 42. Rxh7 Kxe5 43. Ke2 Ke4 44. Rg7 Ra2+ 45. Kf1 Kf3 46. Ke1 Kxe3 47. Kd1 Ra1+ 48. Kc2 Ra5 49. Rg6 Re5 50. Kc3 Kf3 51. Kd4 Rd5+ 52. Kc4 Kxg3 53. Rxe6 Rd8 0-1

[Event "FRA-ch Blitz"]
[Site "Saint Maur des Fosses"]
[Date "2025.06.15"]
[Round "4"]
[White "Bassini, Emile"]
[Black "Yuffa, Daniil"]
[Result "0-1"]
[WhiteElo "2211"]
[BlackElo "2529"]
[PlyCount "98"]
[EventDate "2025.06.15"]
[EventType "swiss"]
[EventRounds "13"]
[EventCountry "FRA"]
[SourceTitle "CB25_2025"]
[SourceDate "2025.06.18"]
[SourceVersion "1"]
[SourceVersionDate "2025.06.18"]
[SourceQuality "1"]

1. e4 Nf6 2. e5 Nd5 3. c4 Nb6 4. c5 Nd5 5. Nc3 e6 6. d4 b6 7. Nxd5 exd5 8. cxb6 axb6 9. Nh3 d6 10. Nf4 dxe5 11. dxe5 Be6 12. Bd3 Bb4+ 13. Kf1 Be7 14. Qc2 c5 15. Bxh7 Nc6 16. Bd3 c4 17. Nxe6 fxe6 18. Bg6+ Kd7 19. Bf4 Rf8 20. Bg3 b5 21. Kg1 Bc5 22. h4 Nd4 23. Qd1 Nf5 24. Bxf5 Rxf5 25. a4 Qb6 26. Qg4 Bxf2+ 27. Kh2 Bxg3+ 28. Qxg3 Qf2 29. axb5 Qxg3+ 30. Kxg3 Rxa1 31. Rxa1 Rxe5 32. Ra7+ Kd6 33. Rxg7 Kc5 34. Rg5 Re3+ 35. Kh2 Rb3 36. h5 Rxb5 37. h6 Rb8 38. h7 Rh8 39. Rg7 d4 40. Kg1 c3 41. bxc3 dxc3 42. g4 Kd6 43. Rg8 Rxh7 44. Rd8+ Ke5 45. Rc8 Kd4 46. Kf2 Kd3 47. Kf3 Rf7+ 48. Kg3 c2 49. g5 Kd2 0-1

[Event "FRA-ch Blitz"]
[Site "Saint Maur des Fosses"]
[Date "2025.06.15"]
[Round "12"]
[White "Boyer, Mahel"]
[Black "Yuffa, Daniil"]
[Result "1/2-1/2"]
[WhiteElo "2489"]
[BlackElo "2529"]
[PlyCount "70"]
[EventDate "2025.06.15"]
[EventType "swiss"]
[EventRounds "13"]
[EventCountry "FRA"]
[SourceTitle "CB25_2025"]
[SourceDate "2025.06.18"]
[SourceVersion "1"]
[SourceVersionDate "2025.06.18"]
[SourceQuality "1"]

1. Nf3 d5 2. b3 c5 3. Bb2 Nc6 4. e3 a6 5. g3 d4 6. exd4 cxd4 7. Bg2 g6 8. c3 Bg7 9. 0-0 dxc3 10. Nxc3 Nh6 11. d4 Bg4 12. h3 Bxf3 13. Qxf3 Nf5 14. d5 Ncd4 15. Qd3 0-0 16. Rad1 Rc8 17. Ne4 Rc2 18. Rd2 Rxb2 19. Rxb2 Nf3+ 20. Bxf3 Bxb2 21. Qd2 Bg7 22. Qb4 b5 23. Rd1 Qb6 24. a4 Be5 25. Qc5 Qb8 26. axb5 Rc8 27. Qb4 Qxb5 28. Qxb5 axb5 29. Bg4 Rc2 30. Bxf5 gxf5 31. d6 exd6 32. Nxd6 Bxd6 33. Rxd6 Rc3 34. Rd5 Rxb3 35. Rxf5 Kg7 1/2-1/2

[Event "FRA-ch Blitz"]
[Site "Saint Maur des Fosses"]
[Date "2025.06.15"]
[Round "3"]
[White "Yuffa, Daniil"]
[Black "Boulos, Paul"]
[Result "1-0"]
[WhiteElo "2529"]
[BlackElo "2056"]
[PlyCount "109"]
[EventDate "2025.06.15"]
[EventType "swiss"]
[EventRounds "13"]
[EventCountry "FRA"]
[SourceTitle "CB25_2025"]
[SourceDate "2025.06.18"]
[SourceVersion "1"]
[SourceVersionDate "2025.06.18"]
[SourceQuality "1"]

1. e4 c5 2. Nf3 e6 3. c3 Nf6 4. e5 Nd5 5. d4 cxd4 6. cxd4 d6 7. Bc4 Nb6 8. Bb5+ Bd7 9. Bxd7+ Qxd7 10. Nc3 Nc6 11. 0-0 dxe5 12. dxe5 Qxd1 13. Rxd1 Be7 14. b3 0-0 15. Be3 Bb4 16. Ne4 Nd5 17. Bg5 h6 18. Bh4 Rac8 19. a3 Bc3 20. Nxc3 Nxc3 21. Rd7 g5 22. Bg3 g4 23. Ne1 Ne2+ 24. Kf1 Nxg3+ 25. hxg3 b6 26. Rad1 Nxe5 27. Rxa7 Rc3 28. b4 Rfc8 29. Ke2 Rb3 30. Ra6 b5 31. Ra5 Nc4 32. Rxb5 Nxa3 33. Rb7 Nc2 34. Nd3 Nd4+ 35. Ke3 Nf5+ 36. Kf4 Rd8 37. Nb2 Nd4 38. Rd2 h5 39. Nc4 Rc3 40. Ne5 f6 41. Nd7 e5+ 42. Ke4 Rc6 43. b5 Re6 44. Kd5 Re7 45. Kd6 Kf7 46. b6 Nf5+ 47. Kc7 Rde8 48. Rb8 Nd4 49. Rxe8 Kxe8 50. b7 Rxd7+ 51. Kb6 Rd8 52. Ra2 Kd7 53. Ra8 Nc6 54. Rxd8+ Kxd8 55. Kxc6 1-0

[Event "FRA-ch Blitz"]
[Site "Saint Maur des Fosses"]
[Date "2025.06.15"]
[Round "7"]
[White "Yuffa, Daniil"]
[Black "Vallee, Louis"]
[Result "1-0"]
[WhiteElo "2529"]
[BlackElo "2175"]
[PlyCount "55"]
[EventDate "2025.06.15"]
[EventType "swiss"]
[EventRounds "13"]
[EventCountry "FRA"]
[SourceTitle "CB25_2025"]
[SourceDate "2025.06.18"]
[SourceVersion "1"]
[SourceVersionDate "2025.06.18"]
[SourceQuality "1"]

1. Nf3 d5 2. c4 e6 3. g3 c5 4. cxd5 exd5 5. Bg2 Nc6 6. 0-0 Nf6 7. d4 c4 8. Bg5 Be7 9. Nc3 0-0 10. e3 Be6 11. Nd2 Qd7 12. Bxf6 Bxf6 13. b3 cxb3 14. Nxb3 b6 15. Nc1 Na5 16. Nd3 Rac8 17. Rc1 Be7 18. Nf4 Ba3 19. Nxe6 fxe6 20. Rc2 Rc4 21. Ne2 Rfc8 22. Rxc4 dxc4 23. Bh3 c3 24. Qc2 Kh8 25. Nf4 Qb5 26. Bxe6 Rc7 27. Qe4 Qe8 28. Ng6+ 1-0

[Event "FRA-ch Rapid"]
[Site "Saint Maur des Fosses"]
[Date "2025.06.14"]
[Round "9"]
[White "Yuffa, Daniil"]
[Black "Daeschler, Florian"]
[Result "1-0"]
[WhiteElo "2489"]
[BlackElo "2243"]
[PlyCount "59"]
[EventDate "2025.06.14"]
[EventType "swiss"]
[EventRounds "9"]
[EventCountry "FRA"]
[SourceTitle "CB25_2025"]
[SourceDate "2025.06.18"]
[SourceVersion "1"]
[SourceVersionDate "2025.06.18"]
[SourceQuality "1"]

1. Nf3 Nf6 2. c4 e6 3. g3 d5 4. Bg2 Be7 5. 0-0 0-0 6. d3 c5 7. Ne5 Qc7 8. f4 Nc6 9. Nxc6 Qxc6 10. Nc3 Rd8 11. Qe1 Qa6 12. b3 dxc4 13. dxc4 Bd7 14. e4 Bc6 15. Qe2 Rd7 16. Be3 Rad8 17. Rfd1 Qa5 18. Rxd7 Rxd7 19. Rc1 a6 20. g4 h6 21. h4 Ne8 22. g5 hxg5 23. hxg5 b5 24. g6 fxg6 25. Bh3 Nc7 26. Nd5 exd5 27. cxd5 Bxd5 28. Bxd7 Bxe4 29. Bf2 Qb4 30. Re1 1-0

[Event "FRA-chT Top 16 GpB"]
[Site "Belfort"]
[Date "2025.05.23"]
[Round "2.3"]
[White "Gurel, Ediz"]
[Black "Yuffa, Daniil"]
[Result "1-0"]
[WhiteElo "2636"]
[BlackElo "2655"]
[PlyCount "179"]
[EventDate "2025.05.22"]
[EventType "team-tourn"]
[EventRounds "7"]
[EventCountry "FRA"]
[SourceTitle "CB22_2025"]
[SourceDate "2025.05.28"]
[SourceVersion "1"]
[SourceVersionDate "2025.05.28"]
[SourceQuality "1"]
[WhiteTeam "Clichy Echecs 92"]
[BlackTeam "Aix En Provence"]
[WhiteTeamCountry "FRA"]
[BlackTeamCountry "FRA"]

1. e4 e6 2. d4 d5 3. Nc3 Bb4 4. e5 c5 5. a3 Bxc3+ 6. bxc3 Ne7 7. Qg4 Qc7 8. Bd3 c4 9. Be2 Qa5 10. Bd2 Rg8 11. h4 Bd7 12. Nf3 Ba4 13. Ra2 Nbc6 14. h5 h6 15. 0-0 0-0-0 16. Nh4 Rdf8 17. Rd1 Qd8 18. Qh3 Kb8 19. Bg4 Ka8 20. f4 Qe8 21. Rf1 Rh8 22. f5 exf5 23. Nxf5 Nxf5 24. Bxf5 Ne7 25. Bg4 f6 26. exf6 Rxf6 27. Rxf6 gxf6 28. Qe3 Bd7 29. Bf3 Rg8 30. Ra1 Bg4 31. Bxg4 Rxg4 32. Qf3 f5 33. Bxh6 Qxh5 34. Bf8 Qe8 35. Bxe7 Qxe7 36. Qxf5 Rg8 37. Qe5 Qh4 38. Rf1 a6 39. Qxd5 Rh8 40. Qxc4 Qh2+ 41. Kf2 Kb8 42. Qd3 Ka7 43. d5 Rf8+ 44. Ke1 Qe5+ 45. Kd1 Rxf1+ 46. Qxf1 Qxd5+ 47. Kc1 Qc5 48. Kb2 Qb6+ 49. Ka2 Qe6+ 50. Ka1 Qe3 51. Kb2 Qb6+ 52. Ka2 Qe6+ 53. c4 Qg4 54. Qf2+ Ka8 55. Kb3 Qd1 56. Kb2 Qg4 57. Qf8+ Ka7 58. Qc5+ Ka8 59. Qd5 Qf4 60. Qd3 Qf6+ 61. Ka2 Qg5 62. g3 Qg4 63. Kb3 Qg5 64. Kb2 Qg4 65. Qc3 Qe4 66. Ka2 Qg4 67. Qd3 Qg5 68. Qf3 Qg6 69. Qf8+ Ka7 70. Qf2+ Ka8 71. Kb1 Qg7 72. Qf4 Qe7 73. Ka2 Qh7 74. Kb3 Qh1 75. Qf8+ Ka7 76. Kb2 Qh5 77. Qf2+ Ka8 78. Qd4 Qg5 79. g4 Qg8 80. Qf4 Qh8+ 81. Kb1 Qh1+ 82. Ka2 Qh7 83. Qf8+ Ka7 84. Qf2+ Ka8 85. g5 Qe4 86. Qf8+ Ka7 87. Qc5+ Ka8 88. Kb2 Qg4 89. Qe5 Qg1 90. Qf6 1-0

[Event "Karlsruhe Grenke op"]
[Site "Karlsruhe"]
[Date "2025.04.19"]
[Round "4"]
[White "Yuffa, Daniil"]
[Black "De Boer, Eelke"]
[Result "1-0"]
[WhiteElo "2649"]
[BlackElo "2412"]
[PlyCount "47"]
[EventDate "2025.04.17"]
[EventType "swiss"]
[EventRounds "9"]
[EventCountry "GER"]
[SourceTitle "CB17_2025"]
[SourceDate "2025.04.23"]
[SourceVersion "1"]
[SourceVersionDate "2025.04.23"]
[SourceQuality "1"]

1. c4 Nf6 2. Nc3 e6 3. e4 c5 4. e5 Ng8 5. d4 cxd4 6. Qxd4 Nc6 7. Qf4 d6 8. Nf3 Nh6 9. Be2 Nf5 10. 0-0 dxe5 11. Nxe5 Bd6 12. Nxc6 Qc7 13. Qg4 bxc6 14. Qh3 0-0 15. Bd3 h6 16. Ne4 Bf4 17. Bxf4 Qxf4 18. Rad1 Rd8 19. Bb1 Ba6 20. Qc3 Nd6 21. Rxd6 Rxd6 22. g3 Qg4 23. Nxd6 Rd8 24. Qa5 1-0

[Event "EU-ch 25th"]
[Site "Eforie Nord"]
[Date "2025.03.20"]
[Round "6"]
[White "Yuffa, Daniil"]
[Black "Hovhannisyan, Robert"]
[Result "1/2-1/2"]
[WhiteElo "2654"]
[BlackElo "2630"]
[PlyCount "176"]
[EventDate "2025.03.15"]
[EventType "swiss"]
[EventRounds "11"]
[EventCountry "ROU"]
[SourceTitle "CB13_2025"]
[SourceDate "2025.03.26"]
[SourceVersion "1"]
[SourceVersionDate "2025.03.26"]
[SourceQuality "1"]

1. Nf3 d5 2. c4 e6 3. g3 d4 4. Bg2 Nc6 5. 0-0 Bc5 6. d3 Nf6 7. Na3 0-0 8. Nc2 e5 9. a3 a5 10. Bd2 e4 11. Nfe1 Qe7 12. Bg5 Bf5 13. Rb1 Rfe8 14. b4 axb4 15. axb4 Nxb4 16. Nxb4 Bxb4 17. dxe4 Bxe1 18. exf5 Bc3 19. Bxb7 Ra2 20. Bf3 h6 21. Bf4 Ne4 22. Rb7 Nd6 23. Bxd6 Qxd6 24. Qb3 Rb2 25. Qa4 Rb8 26. Rxb8+ Rxb8 27. Bd5 Qe7 28. Qc6 Qd6 29. Qa4 Qe7 30. Qa7 Rf8 31. Bf3 Qe5 32. Kg2 Qxf5 33. Qxc7 Rc8 34. Qe7 Qe6 35. Qxe6 fxe6 36. Rb1 Rxc4 37. Rb6 d3 38. exd3 Rd4 39. Be4 Kf7 40. Rb7+ Kf6 41. Rc7 Ba5 42. Rc5 Ra4 43. Rc6 Rb4 44. f4 g5 45. fxg5+ hxg5 46. Kf3 Bb6 47. Kg4 Be3 48. h3 Rb1 49. Rc8 Re1 50. Rg8 Rg1 51. Kf3 Re1 52. Rh8 Bd4 53. Kg4 Rg1 54. Rf8+ Ke7 55. Rf3 Be5 56. Bh7 Bd6 57. Bg8 Be5 58. Bh7 Bd6 59. Be4 Be5 60. Bc6 Bd6 61. Bb5 Bc7 62. Bc4 Be5 63. Bb3 Bd6 64. d4 Rg2 65. Bc4 Rg1 66. Re3 Bf4 67. Rxe6+ Kd7 68. Kf5 Rxg3 69. Rh6 Rg1 70. Rh7+ Kc6 71. h4 Be3 72. d5+ Kc5 73. Rc7+ Kb4 74. h5 g4 75. d6 Rd1 76. Kxg4 Rxd6 77. Be2 Rf6 78. Rc4+ Kb3 79. Re4 Bh6 80. Bc4+ Kc3 81. Be6 Bd2 82. Bf5 Bh6 83. Ra4 Bd2 84. Ra5 Kd4 85. Rb5 Bh6 86. Ra5 Bd2 87. Ra3 Bh6 88. Ra4+ Ke5 1/2-1/2

[Event "EU-ch 25th"]
[Site "Eforie Nord"]
[Date "2025.03.18"]
[Round "4"]
[White "Yuffa, Daniil"]
[Black "Iskandarov, Misratdin"]
[Result "1-0"]
[WhiteElo "2654"]
[BlackElo "2524"]
[PlyCount "107"]
[EventDate "2025.03.15"]
[EventType "swiss"]
[EventRounds "11"]
[EventCountry "ROU"]
[SourceTitle "CB13_2025"]
[SourceDate "2025.03.26"]
[SourceVersion "1"]
[SourceVersionDate "2025.03.26"]
[SourceQuality "1"]

1. Nf3 Nf6 2. c4 e6 3. d4 b6 4. g3 Bb7 5. Bg2 Be7 6. 0-0 0-0 7. Re1 Na6 8. a3 d5 9. cxd5 exd5 10. Nc3 c5 11. Bf4 Re8 12. e3 h6 13. h4 Bd6 14. Rc1 Bxf4 15. exf4 Rxe1+ 16. Qxe1 Qe8 17. Qxe8+ Rxe8 18. Ne5 Ne4 19. Nxe4 dxe4 20. dxc5 Nxc5 21. b4 Ne6 22. Bh3 f6 23. Bxe6+ Rxe6 24. Ng6 Kf7 25. f5 Rc6 26. Rd1 Ke8 27. Nf4 e3 28. fxe3 Rc3 29. Ne6 Rxe3 30. Nxg7+ Ke7 31. Nh5 Bf3 32. Nf4 Rxa3 33. Re1+ Kd7 34. Re6 Bg4 35. Kf2 Ra2+ 36. Ke3 Ra3+ 37. Kd4 Bxf5 38. Rxf6 Bg4 39. Rxh6 Rxg3 40. Rg6 a5 41. Nd5 axb4 42. Nf6+ Ke6 43. Nxg4+ Ke7 44. Ke5 Rh3 45. Nh6 Kd7 46. Nf5 Kc7 47. Rg7+ Kb8 48. Rg3 Rh1 49. Rb3 Kb7 50. Rxb4 Ka6 51. Kf6 Ka5 52. Rg4 b5 53. Nd4 Kb6 54. Kg6 1-0

[Event "ESP-ch 89th"]
[Site "Marbella"]
[Date "2024.12.13"]
[Round "3"]
[White "Ladron de Guevara Pinto, Paolo"]
[Black "Yuffa, Daniil"]
[Result "0-1"]
[WhiteElo "2402"]
[BlackElo "2640"]
[PlyCount "150"]
[EventDate "2024.12.11"]
[EventType "swiss"]
[EventRounds "9"]
[EventCountry "ESP"]
[SourceTitle "CB52_2024"]
[SourceDate "2024.12.25"]
[SourceVersion "1"]
[SourceVersionDate "2024.12.25"]
[SourceQuality "1"]

1. d4 Nf6 2. c4 e6 3. Nf3 Bb4+ 4. Nbd2 0-0 5. a3 Be7 6. e4 d6 7. Be2 c5 8. d5 exd5 9. cxd5 Bg4 10. 0-0 Re8 11. Qc2 Nbd7 12. a4 Bf8 13. Bd3 g6 14. b3 Nh5 15. h3 Bxf3 16. Nxf3 Bg7 17. Rb1 Ne5 18. Nxe5 Bxe5 19. g3 a6 20. Kg2 Bd4 21. Bd2 Nf6 22. Rbe1 Rb8 23. a5 b5 24. axb6 Qxb6 25. Bc4 a5 26. Re2 Qd8 27. f4 a4 28. Rfe1 axb3 29. Bxb3 Qb6 30. Bc4 Nd7 31. Qd3 Re7 32. Kf1 Qb7 33. Ba5 Nf6 34. Kg2 Kg7 35. Bd2 Ree8 36. Kh2 Nd7 37. Ba5 Kg8 38. Kg2 Qa7 39. Ra2 Rb2+ 40. Rxb2 Bxb2 41. Bc3 Rb8 42. Re2 Qa1 43. Re1 Qa4 44. Rb1 Bxc3 45. Rxb8+ Nxb8 46. Qxc3 Nd7 47. Bd3 Qa2+ 48. Kf3 Qh2 49. h4 Qh1+ 50. Kf2 h6 51. Qe1 Qh2+ 52. Kf3 g5 53. e5 gxf4 54. exd6 Qxg3+ 55. Qxg3+ fxg3 56. Bf5 Ne5+ 57. Kxg3 Kf8 58. Kf4 Nc4 59. d7 Ke7 60. Bh3 Nd6 61. Kg4 Kxd7 62. Kh5+ f5 63. Kxh6 c4 64. Bf1 c3 65. Bd3 f4 66. Kg6 Nc4 67. Bf5+ Ke7 68. h5 f3 69. h6 Ne5+ 70. Kg7 f2 71. h7 f1Q 72. d6+ Kxd6 73. h8Q Qxf5 74. Qb8+ Kd5 75. Qb5+ Kd4 0-1

[Event "EU-ch 24th"]
[Site "Petrovac"]
[Date "2024.11.15"]
[Round "7"]
[White "Yuffa, Daniil"]
[Black "Dragnev, Valentin"]
[Result "1/2-1/2"]
[WhiteElo "2631"]
[BlackElo "2566"]
[PlyCount "92"]
[EventDate "2024.11.08"]
[EventType "swiss"]
[EventRounds "11"]
[EventCountry "MNE"]
[SourceTitle "CB47_2024"]
[SourceDate "2024.11.20"]
[SourceVersion "1"]
[SourceVersionDate "2024.11.20"]
[SourceQuality "1"]

1. Nf3 d5 2. c4 d4 3. b4 c5 4. b5 Nd7 5. g3 e5 6. d3 Ngf6 7. Bg2 Bd6 8. 0-0 0-0 9. a4 a6 10. Na3 h6 11. e3 dxe3 12. Bxe3 Re8 13. Nd2 a5 14. Nb3 Ra7 15. b6 Qxb6 16. Nb5 Ra6 17. Bd2 Bb8 18. Qe1 Qd8 19. Bxa5 b6 20. Bc3 Nf8 21. Qd2 Ne6 22. a5 bxa5 23. Rxa5 Rxa5 24. Nxa5 Bd7 25. Nc6 Bxc6 26. Bxc6 Re7 27. Ra1 Qc8 28. Bg2 Re8 29. Ra8 Qd7 30. Qd1 Nd4 31. Bxd4 exd4 32. Bf3 g6 33. Kg2 Kg7 34. Qa4 Qf5 35. Qd1 Qd7 36. Ra6 Re6 37. Qa1 h5 38. Rxe6 Qxe6 39. Qa8 Qe5 40. h4 Bd6 41. Qc6 Bf8 42. Qc8 Qe1 43. Qc7 Qe6 44. Qf4 Be7 45. Na7 Bd6 46. Qg5 Qe5 1/2-1/2

[Event "EU-ch 24th"]
[Site "Petrovac"]
[Date "2024.11.12"]
[Round "5"]
[White "Yuffa, Daniil"]
[Black "Vetoshko, Volodymyr"]
[Result "1/2-1/2"]
[WhiteElo "2631"]
[BlackElo "2513"]
[PlyCount "133"]
[EventDate "2024.11.08"]
[EventType "swiss"]
[EventRounds "11"]
[EventCountry "MNE"]
[SourceTitle "CB47_2024"]
[SourceDate "2024.11.20"]
[SourceVersion "1"]
[SourceVersionDate "2024.11.20"]
[SourceQuality "1"]

1. Nf3 d5 2. c4 e6 3. e3 Nf6 4. Nc3 Nbd7 5. b3 b6 6. cxd5 exd5 7. Bb2 Bb7 8. Bd3 Nc5 9. Bc2 Ne6 10. Ne2 g6 11. 0-0 Bg7 12. b4 c6 13. Be5 0-0 14. Qb1 a5 15. a3 Nd7 16. Bxg7 Kxg7 17. Rc1 Qf6 18. Ra2 axb4 19. axb4 Rxa2 20. Qxa2 Ra8 21. Qb1 Ba6 22. Nc3 Nc7 23. Ba4 Bb7 24. Qc2 b5 25. Bb3 Na6 26. Na2 Nf8 27. Qb1 Bc8 28. Nd4 Bd7 29. Bd1 Qd6 30. Qb2 f6 31. Qc3 Ne6 32. Nxe6+ Qxe6 33. Ra1 Qe5 34. Qxe5 fxe5 35. Nc1 Nc7 36. Rxa8 Nxa8 37. Nd3 Kf6 38. f4 exf4 39. exf4 Nb6 40. Nc5 Bc8 41. Kf2 h5 42. d3 Bf5 43. Bc2 d4 44. Bb3 Nd7 45. Ne4+ Ke7 46. Ke2 Be6 47. Bxe6 Kxe6 48. h3 Nb6 49. Nc5+ Kf6 50. Kf3 Nd5 51. Na6 h4 52. Ke4 g5 53. fxg5+ Kxg5 54. Nc5 Nxb4 55. Ne6+ Kf6 56. Nxd4 Kg5 57. Nf3+ Kh5 58. d4 Nd5 59. Ne5 b4 60. Kd3 b3 61. Nxc6 Kg5 62. Ne5 Kf4 63. Kc4 Kg3 64. Kxb3 Kxg2 65. Kc4 Nf6 66. Ng6 Kxh3 67. Nxh4 1/2-1/2

[Event "ESP-chT CECLUB Honor"]
[Site "Melilla"]
[Date "2024.10.17"]
[Round "6.21"]
[White "Yuffa, Daniil"]
[Black "Vokhidov, Shamsiddin"]
[Result "1/2-1/2"]
[WhiteElo "2608"]
[BlackElo "2668"]
[PlyCount "112"]
[EventDate "2024.10.12"]
[EventType "team-tourn"]
[EventRounds "7"]
[EventCountry "ESP"]
[SourceTitle "CB43_2024"]
[Source "Chessbase"]
[SourceDate "2024.10.23"]
[SourceVersion "1"]
[SourceVersionDate "2024.10.23"]
[SourceQuality "1"]
[WhiteTeam "Silla Integrant"]
[BlackTeam "Andreu Paterna"]
[WhiteTeamCountry "ESP"]
[BlackTeamCountry "ESP"]

1. Nf3 Nf6 2. c4 e6 3. Nc3 d5 4. e3 dxc4 5. Bxc4 a6 6. e4 b5 7. Bb3 c5 8. e5 Nfd7 9. d4 cxd4 10. Qxd4 Nc6 11. Qf4 Qc7 12. 0-0 Ndxe5 13. Nxe5 Qxe5 14. Qf3 Bb7 15. Bf4 Qf5 16. Nd5 exd5 17. Bxd5 Rc8 18. Rfe1+ Be7 19. Bd6 Qxf3 20. Bxf3 Kd7 21. Bxe7 Rce8 22. Rad1+ Kc7 23. Rc1 h5 24. h4 Kd7 25. Bg5 Rxe1+ 26. Rxe1 f6 27. Rd1+ Ke6 28. Bd2 Nd8 29. Be2 Bd5 30. Bf4 Nf7 31. b3 Ne5 32. Rc1 Nc6 33. Be3 g6 34. Rc3 Rc8 35. f3 Ne7 36. Rxc8 Nxc8 37. Kf2 Nd6 38. Ke1 Nf5 39. Bf2 g5 40. hxg5 fxg5 41. Kd2 Ne7 42. Kc3 Nc6 43. a3 Kf5 44. b4 g4 45. fxg4+ hxg4 46. g3 Bf3 47. Bd3+ Be4 48. Bf1 Bd5 49. a4 bxa4 50. Bxa6 a3 51. Bd3+ Ke5 52. Bc5 a2 53. Kb2 Nd4 54. Bxd4+ Kxd4 55. Bf5 Kc4 56. Kxa2 Kxb4+ 1/2-1/2

[Event "ESP-chT CECLUB Honor"]
[Site "Melilla"]
[Date "2024.10.14"]
[Round "3.10"]
[White "Ladron de Guevara Pinto, Paolo"]
[Black "Yuffa, Daniil"]
[Result "0-1"]
[WhiteElo "2388"]
[BlackElo "2608"]
[PlyCount "112"]
[EventDate "2024.10.12"]
[EventType "team-tourn"]
[EventRounds "7"]
[EventCountry "ESP"]
[SourceTitle "CB43_2024"]
[Source "Chessbase"]
[SourceDate "2024.10.23"]
[SourceVersion "1"]
[SourceVersionDate "2024.10.23"]
[SourceQuality "1"]
[WhiteTeam "Benalmadena Ambiente"]
[BlackTeam "Silla Integrant"]
[WhiteTeamCountry "ESP"]
[BlackTeamCountry "ESP"]

1. e4 c5 2. Nf3 Nc6 3. Nc3 d6 4. d4 cxd4 5. Nxd4 Nf6 6. Bg5 e6 7. Qd2 a6 8. Nxc6 bxc6 9. 0-0-0 Be7 10. Bxf6 gxf6 11. Bc4 Bb7 12. Rhe1 Qc7 13. f4 d5 14. Bb3 0-0-0 15. exd5 cxd5 16. f5 Bd6 17. g3 Rhe8 18. Qh6 Be5 19. fxe6 fxe6 20. Ne2 Kb8 21. Nf4 a5 22. Nd3 Rc8 23. Kb1 Re7 24. Qh4 Ree8 25. Rd2 Bd6 26. Qxf6 e5 27. c3 e4 28. Nf4 e3 29. Rdd1 Be5 30. Qf5 d4 31. Nd5 Bxd5 32. Bxd5 dxc3 33. Qc2 cxb2 34. Qb3+ Ka7 35. Qxe3+ Qb6 36. Qxb6+ Kxb6 37. Bf7 Re7 38. Bb3 Rc5 39. Re2 Rec7 40. Rxb2 Bxb2 41. Kxb2 Re5 42. Rd2 Ra7 43. a4 Rc7 44. Rd6+ Rc6 45. Rd2 Kc7 46. Bc2 h6 47. Rf2 Rc4 48. Ka2 Kb6 49. Bb3 Rb4 50. Bc2 Kc5 51. h3 Kd4 52. g4 Kc3 53. Bd1 Re1 54. Bb3 Re3 55. Bd1 Rxh3 56. Rg2 Rd3 0-1

[Event "ESP-chT CECLUB Honor"]
[Site "Melilla"]
[Date "2024.10.13"]
[Round "2.16"]
[White "Yuffa, Daniil"]
[Black "Illescas Cordoba, Miguel"]
[Result "1-0"]
[WhiteElo "2608"]
[BlackElo "2600"]
[PlyCount "93"]
[EventDate "2024.10.12"]
[EventType "team-tourn"]
[EventRounds "7"]
[EventCountry "ESP"]
[SourceTitle "CB43_2024"]
[Source "Chessbase"]
[SourceDate "2024.10.23"]
[SourceVersion "1"]
[SourceVersionDate "2024.10.23"]
[SourceQuality "1"]
[WhiteTeam "Silla Integrant"]
[BlackTeam "Casablanca MyInvestor"]
[WhiteTeamCountry "ESP"]
[BlackTeamCountry "ESP"]

1. d4 d5 2. c4 e6 3. Nf3 Nf6 4. g3 c5 5. cxd5 Nxd5 6. Bg2 cxd4 7. 0-0 Bc5 8. Nxd4 0-0 9. Nb3 Bb6 10. Na3 Nc6 11. Nc4 Bc7 12. Ne3 Re8 13. Bd2 Nxe3 14. Bxe3 Bb6 15. Qxd8 Rxd8 16. Rfd1 Bd7 17. Nc5 Bxc5 18. Bxc5 Be8 19. b4 Rxd1+ 20. Rxd1 b6 21. Be3 Rd8 22. Rxd8 Nxd8 23. Bf4 Bb5 24. Bd6 Nc6 25. e3 f5 26. e4 g6 27. exf5 gxf5 28. f4 Nd4 29. Kf2 Bc4 30. a4 Bb3 31. a5 bxa5 32. Bc5 Nb5 33. Bc6 Nc3 34. bxa5 Ne4+ 35. Bxe4 fxe4 36. Bxa7 h5 37. Ke3 Bc2 38. Kd4 Kf7 39. Ke5 Bd3 40. Bc5 e3 41. Bxe3 Bf1 42. Kd6 Kf6 43. Kc7 Kf5 44. Kb6 Ke4 45. Bc5 Kd5 46. Ba3 e5 47. a6 1-0

[Event "Aix en Provence Dole op 2nd"]
[Site "Aix en Provence"]
[Date "2024.07.27"]
[Round "8"]
[White "Pranesh, Munirethinam"]
[Black "Yuffa, Daniil"]
[Result "1-0"]
[WhiteElo "2581"]
[BlackElo "2609"]
[PlyCount "113"]
[EventDate "2024.07.20"]
[EventType "swiss"]
[EventRounds "9"]
[EventCountry "FRA"]
[SourceTitle "CBM 221 Extra"]
[Source "ChessBase"]
[SourceDate "2024.09.30"]
[SourceVersion "1"]
[SourceVersionDate "2024.09.30"]
[SourceQuality "1"]

1. e4 c6 2. d4 d5 3. e5 Bf5 4. g4 Bd7 5. Nc3 e6 6. Be3 Bb4 7. Nge2 c5 8. dxc5 Qc7 9. f4 Ne7 10. a3 Bxc5 11. Bxc5 Qxc5 12. Qd4 Qxd4 13. Nxd4 Nbc6 14. 0-0-0 g5 15. fxg5 Nxe5 16. Re1 Nxg4 17. Bg2 Ng6 18. Bxd5 0-0-0 19. Be4 Be8 20. Nf3 Nf2 21. Rhf1 Nxe4 22. Nxe4 h6 23. h4 h5 24. Ng3 Rd5 25. c4 Rc5 26. b3 Bc6 27. Nd4 Nxh4 28. Nxc6 bxc6 29. Rxf7 Rxg5 30. Ne4 Ra5 31. Nd6+ Kb8 32. Rxe6 Rxa3 33. Kb2 Ra5 34. Rb7+ Ka8 35. Rd7 Rb8 36. Ne8 Nf3 37. Kc3 h4 38. b4 Ra3+ 39. Kb2 Ra4 40. Nc7+ Kb7 41. Na6+ Ka8 42. Nxb8 Rxb4+ 43. Kc3 Rxb8 44. Ree7 Rf8 45. Rxa7+ Kb8 46. Rab7+ Ka8 47. Ra7+ Kb8 48. Reb7+ Kc8 49. Rh7 Kb8 50. Rag7 Rd8 51. Kb4 Ne5 52. Kc5 Rf8 53. Rb7+ Kc8 54. Ra7 Kb8 55. Rhb7+ Kc8 56. Kb6 Nxc4+ 57. Ka6 1-0

[Event "Aix en Provence Dole op 2nd"]
[Site "Aix en Provence"]
[Date "2024.07.25"]
[Round "6"]
[White "Kosakowski, Jakub"]
[Black "Yuffa, Daniil"]
[Result "0-1"]
[WhiteElo "2485"]
[BlackElo "2609"]
[PlyCount "70"]
[EventDate "2024.07.20"]
[EventType "swiss"]
[EventRounds "9"]
[EventCountry "FRA"]
[SourceTitle "CBM 221 Extra"]
[Source "ChessBase"]
[SourceDate "2024.09.30"]
[SourceVersion "1"]
[SourceVersionDate "2024.09.30"]
[SourceQuality "1"]

1. e4 e6 2. d4 d5 3. Nc3 Bb4 4. exd5 exd5 5. Bd3 Nc6 6. a3 Bxc3+ 7. bxc3 Nge7 8. Qf3 Be6 9. Rb1 b6 10. Ne2 Qd7 11. 0-0 Bf5 12. Ng3 Bxd3 13. cxd3 0-0 14. Re1 Rae8 15. Nh5 Qf5 16. Bf4 f6 17. Re3 Rf7 18. Rbe1 Ref8 19. Ng3 Qd7 20. R3e2 Ne5 21. dxe5 fxe5 22. Rxe5 Ng6 23. Rxd5 Qc6 24. Rd8 Qxf3 25. Rxf8+ Kxf8 26. Bd6+ cxd6 27. gxf3 Rxf3 28. Re4 Ne5 29. Ra4 a5 30. d4 Rf4 31. Nf1 Rg4+ 32. Kh1 Nf3 33. Ng3 d5 34. h3 Rxg3 35. fxg3 Nd2 0-1